<?xml version="1.0" encoding="UTF-8"?>
<collection xmlns="http://www.loc.gov/MARC21/slim">
<record>
  <controlfield tag="001">112074</controlfield>
  <controlfield tag="005">20241220120715.0</controlfield>
  <datafield tag="024" ind1="8" ind2=" ">
    <subfield code="2">sideral</subfield>
    <subfield code="a">127830</subfield>
  </datafield>
  <datafield tag="037" ind1=" " ind2=" ">
    <subfield code="a">ART-2020-127830</subfield>
  </datafield>
  <datafield tag="041" ind1=" " ind2=" ">
    <subfield code="a">spa</subfield>
  </datafield>
  <datafield tag="100" ind1=" " ind2=" ">
    <subfield code="a">Cervera Fras, María José</subfield>
    <subfield code="u">Universidad de Zaragoza</subfield>
    <subfield code="0">(orcid)0000-0001-8776-1328</subfield>
  </datafield>
  <datafield tag="245" ind1=" " ind2=" ">
    <subfield code="a">Breve semblanza y bibliografía de Federico Corriente Córdoba</subfield>
  </datafield>
  <datafield tag="260" ind1=" " ind2=" ">
    <subfield code="c">2020</subfield>
  </datafield>
  <datafield tag="506" ind1="0" ind2=" ">
    <subfield code="a">Access copy available to the general public</subfield>
    <subfield code="f">Unrestricted</subfield>
  </datafield>
  <datafield tag="520" ind1="3" ind2=" ">
    <subfield code="a">Federico Corriente Córdoba, eminente arabista reconocido internacionalmente, nació en Granada el 14 de noviembre de 1940 y murió en Zaragoza el 16 de junio de 2020. Estudió lengua árabe de forma autodidacta en Valencia y Tenerife y después se trasladó a Madrid, en cuya Universidad Complutense obtuvo, en 1962, la Licenciatura y, en 1967, el Doctorado en Filología Semítica, con premio extraordinario en ambos casos. Comenzó a ejercer su profesión en El Cairo como director del Centro Cultural Español y como profesor de español en la Escuela Superior de Idiomas, entre 1962 y 1965. Desde 1965 hasta 1968 fue profesor de español, de lingüística semítica y de hebreo en la Universidad Muhammad V de Rabat. A continuación se trasladó a Estados Unidos, donde fue, entre 1968 y 1972, profesor asociado y después catedrático de lingüística semítica, etiópico y árabe en el Dropsie College de Filadelfia. Volvió a España en 1972 como agregado de lengua árabe en la Facultad de Filología de la Universidad Complutense e investigador científico de semitística en el Instituto «Arias Montano» del Consejo Superior de Investigaciones Científicas (...)</subfield>
  </datafield>
  <datafield tag="540" ind1=" " ind2=" ">
    <subfield code="9">info:eu-repo/semantics/openAccess</subfield>
    <subfield code="a">by</subfield>
    <subfield code="u">http://creativecommons.org/licenses/by/3.0/es/</subfield>
  </datafield>
  <datafield tag="655" ind1=" " ind2="4">
    <subfield code="a">info:eu-repo/semantics/article</subfield>
    <subfield code="v">info:eu-repo/semantics/publishedVersion</subfield>
  </datafield>
  <datafield tag="700" ind1=" " ind2=" ">
    <subfield code="a">Vicente Sánchez, Ángeles</subfield>
    <subfield code="u">Universidad de Zaragoza</subfield>
    <subfield code="0">(orcid)0000-0001-8073-7309</subfield>
  </datafield>
  <datafield tag="710" ind1="2" ind2=" ">
    <subfield code="1">3013</subfield>
    <subfield code="2">285</subfield>
    <subfield code="a">Universidad de Zaragoza</subfield>
    <subfield code="b">Dpto. Lingüíst.y Liter.Hispán.</subfield>
    <subfield code="c">Área Estudios Arabes Islámicos</subfield>
  </datafield>
  <datafield tag="773" ind1=" " ind2=" ">
    <subfield code="g">16 (2020), 139-162</subfield>
    <subfield code="p">Bol. inf. lingüíst. Real Acad. Esp.</subfield>
    <subfield code="t">Boletín de información lingüística de la Real Academia Española (BILRAE)</subfield>
    <subfield code="x">2792-6036</subfield>
  </datafield>
  <datafield tag="856" ind1="4" ind2=" ">
    <subfield code="s">434096</subfield>
    <subfield code="u">http://zaguan.unizar.es/record/112074/files/texto_completo.pdf</subfield>
    <subfield code="y">Versión publicada</subfield>
  </datafield>
  <datafield tag="856" ind1="4" ind2=" ">
    <subfield code="s">2136172</subfield>
    <subfield code="u">http://zaguan.unizar.es/record/112074/files/texto_completo.jpg?subformat=icon</subfield>
    <subfield code="x">icon</subfield>
    <subfield code="y">Versión publicada</subfield>
  </datafield>
  <datafield tag="856" ind1="4" ind2="1">
    <subfield code="u">https://revistas.rae.es/bilrae/article/view/435</subfield>
    <subfield code="z">Texto completo de la revista</subfield>
  </datafield>
  <datafield tag="909" ind1="C" ind2="O">
    <subfield code="o">oai:zaguan.unizar.es:112074</subfield>
    <subfield code="p">articulos</subfield>
    <subfield code="p">driver</subfield>
  </datafield>
  <datafield tag="951" ind1=" " ind2=" ">
    <subfield code="a">2024-12-20-12:05:29</subfield>
  </datafield>
  <datafield tag="980" ind1=" " ind2=" ">
    <subfield code="a">ARTICLE</subfield>
  </datafield>
</record>
</collection>